Industrial biotechnology: Problems and remedies (Record no. 156044)

MARC details
000 -LEADER
fixed length control field 00388nam a2200145Ia 4500
008 - FIXED-LENGTH DATA ELEMENTS--GENERAL INFORMATION
fixed length control field 230917s9999||||xx |||||||||||||| ||und||
040 ## - CATALOGING SOURCE
-- 168128
Original cataloging agency VIVEKANANDA LIBRARY
041 ## - Language
-- English
082 ## - DDC NUMBER
Classification number 660.6 T326I
100 ## - MAIN ENTRY--PERSONAL NAME
Personal name Thakur, Indu Shekhar
245 #0 - TITLE STATEMENT
Title Industrial biotechnology: Problems and remedies
260 ## - PUBLICATION, DISTRIBUTION, ETC. (IMPRINT)
Place of publication, distribution, etc New Delhi
Name of publisher, distributor, etc I K International
Date of publication, distribution, etc 2006
300 ## - PHYSICAL DESCRIPTION
Pages x, 322 p.
942 ## - ADDED ENTRY ELEMENTS (KOHA)
Koha item type Books
Holdings
Withdrawn status Lost status Damaged status Not for loan Location (home branch) Sublocation or collection (holding branch) Date acquired Koha issues (times borrowed) Koha full call number Accession No. Koha date last seen Koha item type Shelving location
        VIVEKANANDA LIBRARY VIVEKANANDA LIBRARY 18/11/2010   660.6 T326I 283159 17/09/2023 Books  
        VIVEKANANDA LIBRARY VIVEKANANDA LIBRARY 18/11/2010   660.6 T326I 288665 17/09/2023 Books UIET Library
        VIVEKANANDA LIBRARY VIVEKANANDA LIBRARY 18/11/2010   660.6 T326I 288666 17/09/2023 Books UIET Library
        VIVEKANANDA LIBRARY VIVEKANANDA LIBRARY 18/11/2010   660.6 T326I 288667 17/09/2023 Books UIET Library
        VIVEKANANDA LIBRARY VIVEKANANDA LIBRARY 18/11/2010   660.6 T326I 288668 17/09/2023 Books UIET Library
        VIVEKANANDA LIBRARY VIVEKANANDA LIBRARY 18/11/2010   660.6 T326I 288669 17/09/2023 Books UIET Library
        VIVEKANANDA LIBRARY VIVEKANANDA LIBRARY 18/11/2010   660.6 T326I 288670 17/09/2023 Books UIET Library
        VIVEKANANDA LIBRARY VIVEKANANDA LIBRARY 18/11/2010   660.6 T326I 288671 17/09/2023 Books UIET Library
        VIVEKANANDA LIBRARY VIVEKANANDA LIBRARY 18/11/2010   660.6 T326I 288672 17/09/2023 Books UIET Library
        VIVEKANANDA LIBRARY VIVEKANANDA LIBRARY 18/11/2010   660.6 T326I 288673 17/09/2023 Books UIET Library
        VIVEKANANDA LIBRARY VIVEKANANDA LIBRARY 18/11/2010   660.6 T326I 288674 17/09/2023 Books UIET Library
© Designed and Maintained by Vivekananda Library, MDU Rohtak